Memorias de la Real Academia de Ciencias. (Record no. 173667)

MARC details
000 -LEADER
campo de control de longitud fija 01722nam a2200253 i 4500
001 - NÚMERO DE CONTROL
campo de control 173667
003 - IDENTIFICADOR DE NÚMERO DE CONTROL
campo de control ES-MaACL
005 - FECHA Y HORA DE LA ÚLTIMA TRANSACCIÓN
campo de control 20250723094419.0
007 - CAMPO FIJO DE DESCRIPCIÓN FÍSICA--INFORMACIÓN GENERAL
campo de control de longitud fija t|
008 - DATOS DE LONGITUD FIJA--INFORMACIÓN GENERAL
campo de control de longitud fija 091228s18631868sp |||| | spa d
110 2# - ENTRADA PRINCIPAL--NOMBRE DE ENTIDAD CORPORATIVA
Nombre de entidad corporativa o nombre de jurisdicción como elemento de entrada Real Academia de Ciencias Exactas, Físicas y Naturales de España.
9 (RLIN) 175635
245 10 - MENCIÓN DEL TÍTULO
Título Memorias de la Real Academia de Ciencias.
Número de parte o sección de la obra 6.
260 ## - PUBLICACIÓN, DISTRIBUCIÓN, ETC.
Lugar de publicación, distribución, etc. Madrid :
Nombre del editor, distribuidor, etc. [s.n.],
Fecha de publicación, distribución, etc. 1863 (Aguado Imp.)
300 ## - DESCRIPCIÓN FÍSICA
Extensión v. ;
Dimensiones 28 cm.
505 8# - NOTA DE CONTENIDO CON FORMATO
Nota de contenido con formato Contiene: VI. Influencia de los fosfatos térreos en la vegetación y procedimientos más económicos para utilizarlos en producción de cereales en la península / Manuel Sáez Díez (194 p.) . Influencia de los fosfatos térreos en la vegetación y procedimientos más económicos para utilizarlos en producción de cereales en la península / Ramón de Manjarres y Bofarull (p. 201-295) . Influencia de los fosfatos térreos en la vegetación y procedimientos más económicos para utilizarlos en producción de cereales en la península / José Hidalgo Tablada (p. 297-345) . Influencia de los fosfatos térreos en la vegetación y procedimientos más económicos para utilizarlos en producción de cereales en la península / Ramón Torres Muñoz de Luna (p. 347-413) . Calentamiento y ventilación de edificios / Francisco de Paula Rojas (p. 415-683; 14 planos pleg.).
650 #4 - PUNTO DE ACCESO ADICIONAL DE MATERIA--TÉRMINO DE MATERIA
Término de materia o nombre geográfico como elemento de entrada Ventilación.
9 (RLIN) 136979
700 1# - ENTRADA AGREGADA--NOMBRE PERSONAL
Nombre de persona Sáez Díez, Manuel.
9 (RLIN) 141865
700 1# - ENTRADA AGREGADA--NOMBRE PERSONAL
Nombre de persona Manjarrés y Bofarull, Ramón de.
9 (RLIN) 76031
700 1# - ENTRADA AGREGADA--NOMBRE PERSONAL
Nombre de persona Hidalgo Tablada, José.
9 (RLIN) 141866
700 1# - ENTRADA AGREGADA--NOMBRE PERSONAL
Nombre de persona Torres Muñoz de Luna, Ramón,
Fechas asociadas al nombre 1822-1890
9 (RLIN) 133329
700 1# - ENTRADA AGREGADA--NOMBRE PERSONAL
Nombre de persona Rojas y Caballero Infante, Francisco de Paula.
9 (RLIN) 99083
852 4# - LOCALIZACIÓN
Ubicación ES-MaACL
Número de control de estantería K-221
Holdings
Estatus retirado Estado de pérdida Estado de daño No para préstamo Colección Biblioteca de origen Biblioteca actual Ubicación en estantería Fecha de adquisición Total de préstamos Signatura topográfica completa Código de barras Visto por última vez Precio de reemplazo Tipo de ítem Koha
        Libros del s. XIX Biblioteca del Ateneo de Madrid Biblioteca del Ateneo de Madrid Administración 28/12/2009   K-221 1182245 23/02/2023 23/02/2023 Libro impreso antiguo